Wahabi Movement in India (Record no. 12519)

MARC details
000 -LEADER
fixed length control field 00586nam a2200241 a 4500
020 ## - INTERNATIONAL STANDARD BOOK NUMBER
ISBN
082 00 - DEWEY DECIMAL CLASSIFICATION NUMBER
Classification number 297.8140954
Author Cutter AHM
100 ## - MAIN ENTRY--AUTHOR NAME
Author name Ahmad, Qeyamuddin
245 ## - TITLE STATEMENT
Title Wahabi Movement in India
260 ## - PUBLICATION, DISTRIBUTION, ETC. (IMPRINT)
Place of publication Delhi
Name of publisher Manohar
Year of publication 1994
300 ## - PHYSICAL DESCRIPTION
Number of Pages 352p
500 ## - GENERAL NOTE
General note includes index and biblioraphy
505 2# - FORMATTED CONTENTS NOTE
Formatted contents note Notes, Index
650 ## - SUBJECT ADDED ENTRY--TOPICAL TERM
Topical Term Islam-Sects-Ahl-E-Hadees
942 ## - ADDED ENTRY ELEMENTS (KOHA)
Koha item type Books
700 1# -
-- Ahmad, Qeyamuddin
Holdings
Collection code Home library Current library Date acquired Cost, normal purchase price Full call number Accession Number Koha item type
  Henry Martyn Institute Library Henry Martyn Institute Library 02/18/2010 375.00 297.8140954 AHM 015404 Books
                   Copyright © 2026 | Henry Martyn Institute | Hyderabad | TS-500052 | INDIA | Implemented by hmi.edu.in
Hit-Count:

Powered by Koha